<?xml version="1.0" encoding="UTF-8"?>
<record
    xmlns:xsi="http://www.w3.org/2001/XMLSchema-instance"
    xsi:schemaLocation="http://www.loc.gov/MARC21/slim http://www.loc.gov/standards/marcxml/schema/MARC21slim.xsd"
    xmlns="http://www.loc.gov/MARC21/slim">

  <leader>02025nam a22001817a 4500</leader>
  <controlfield tag="003">IT-RoPau</controlfield>
  <controlfield tag="005">20220918175938.0</controlfield>
  <controlfield tag="008">130125b        xxu||||| |||| 00| 0 eng d</controlfield>
  <datafield tag="040" ind1=" " ind2=" ">
    <subfield code="c">IT-RoPau</subfield>
  </datafield>
  <datafield tag="100" ind1=" " ind2=" ">
    <subfield code="a">Merlo , Tecla</subfield>
    <subfield code="9">246</subfield>
  </datafield>
  <datafield tag="245" ind1=" " ind2=" ">
    <subfield code="a">Romana. Beat. et Can. Servae Dei Teclae Merlo, </subfield>
    <subfield code="b">Cofundatricis et Superiorissae Generalis Congr. Filiarum a S. Paulo. Positio: Super scriptis</subfield>
  </datafield>
  <datafield tag="250" ind1=" " ind2=" ">
    <subfield code="a">I</subfield>
  </datafield>
  <datafield tag="260" ind1=" " ind2=" ">
    <subfield code="a">Roma</subfield>
    <subfield code="b">Congregazione per le Cause dei Santi</subfield>
    <subfield code="c">1973</subfield>
  </datafield>
  <datafield tag="300" ind1=" " ind2=" ">
    <subfield code="a">49 p.</subfield>
    <subfield code="c">29 cm</subfield>
  </datafield>
  <datafield tag="490" ind1=" " ind2=" ">
    <subfield code="a">Romana</subfield>
    <subfield code="v">I</subfield>
  </datafield>
  <datafield tag="520" ind1=" " ind2=" ">
    <subfield code="a">Index Scriptorum Servae Dei

vol. 1: Indici
&gt;&gt;  2: lettere dall'Italia, 1927-1939
&gt;&gt;  3:    &gt;&gt;           &gt;&gt;        1940-1944
&gt;&gt;  4:    &gt;&gt;           &gt;&gt;        1945-1950
&gt;&gt;  5:    &gt;&gt;           &gt;&gt;        1951-1955
&gt;&gt;  6:    &gt;&gt;           &gt;&gt;        1956-1959
&gt;&gt;  7:    &gt;&gt;           &gt;&gt;        1960-1963
&gt;&gt;  8:    &gt;&gt;           &gt;&gt;        senza data
&gt;&gt;  9:    &gt;&gt;  dagli Stati Uniti, 1932-1959
&gt;&gt;10:    &gt;&gt;           &gt;&gt;             1960-1961
&gt;&gt;11:    &gt;&gt;           &gt;&gt;              1962-1963
&gt;&gt;12:    &gt;&gt;            &gt;&gt;              senza data
&gt;&gt;13:    &gt;&gt;  dal Brasile,           1932-1950
&gt;&gt;14:    &gt;&gt;            &gt;&gt;               1951-1963
&gt;&gt;15:    &gt;&gt;  dal Argentina,       1936-1963
&gt;&gt;16:    &gt;&gt;  dalla Francia,        1939-1963
&gt;&gt;17:    &gt;&gt;  dalle Isole Filippine,        1937-1948
&gt;&gt;18:    &gt;&gt;             &gt;&gt;          &gt;&gt;          1949-1950
&gt;&gt;19:    &gt;&gt;             &gt;&gt;          &gt;&gt;          1951-1953
&gt;&gt;20:    &gt;&gt;             &gt;&gt;          &gt;&gt;          1954-1956
&gt;&gt;21:    &gt;&gt;             &gt;&gt;          &gt;&gt;          1957-1963
&gt;&gt;22:    &gt;&gt;   dal Giappone,                1947-1951
&gt;&gt;23:    &gt;&gt;             &gt;&gt;          &gt;&gt;          1952-1953
&gt;&gt;24:    &gt;&gt;   dall'Inghilterra, Portogallo, Spagna  
&gt;&gt;25:    &gt;&gt;   dal Canad&#xE0;,                    1951-1963
&gt;&gt;26:    &gt;&gt;   dal Chile, Colombia, Messico, Per&#xF9;, Vene-
                    zuela,
&gt;&gt;27:    &gt;&gt;   dall'Africa, Australia, Formosa, India,
&gt;&gt;28: appendice, lettere da varie parti del mondo,
&gt;&gt;29:   scritti raccolti in 9 taccuini di appunti,
           </subfield>
  </datafield>
  <datafield tag="942" ind1=" " ind2=" ">
    <subfield code="2">ddc</subfield>
    <subfield code="c">BK</subfield>
  </datafield>
  <datafield tag="999" ind1=" " ind2=" ">
    <subfield code="c">37843</subfield>
    <subfield code="d">37843</subfield>
  </datafield>
  <datafield tag="952" ind1=" " ind2=" ">
    <subfield code="0">0</subfield>
    <subfield code="1">0</subfield>
    <subfield code="2">ddc</subfield>
    <subfield code="4">0</subfield>
    <subfield code="6">P_B4</subfield>
    <subfield code="7">1</subfield>
    <subfield code="a">PAULUS</subfield>
    <subfield code="b">PAULUS</subfield>
    <subfield code="d">2013-01-25</subfield>
    <subfield code="l">0</subfield>
    <subfield code="o">P B4</subfield>
    <subfield code="r">2013-01-25 00:00:00</subfield>
    <subfield code="w">2013-01-25</subfield>
    <subfield code="y">BK</subfield>
  </datafield>
</record>
